| 000 | 00829cac a22002291u 4500 | ||
|---|---|---|---|
| 090 | _c5721 | ||
| 008 | 081106t2002 xxu||||| |||| 00| 0 eng d | ||
| 010 | _a2001056664 | ||
| 020 | _a1557988420 | ||
| 082 | 0 | 0 |
_a155.232 _bFLE |
| 100 | _aFlett, Gordan L. | ||
| 245 | 0 | 0 |
_aPerfectionism : _btheory, research, and treatment / _cedited by Gordon L. Flett and Paul L. Hewitt. |
| 260 |
_aWashington, DC : _bAmerican Psychological Association, _cc2002. |
||
| 300 |
_axiv, 435 p. : _bill. ; _c27 cm. |
||
| 500 | _aDistributer : Al-Ahram. | ||
| 504 | _aIncludes bibliographical references and index. | ||
| 511 | _aCatalogued By : Mahitab. | ||
| 650 | 0 | _aPerfectionism (Personality trait) | |
| 700 | 1 |
_aHewitt, Paul L. _q(Paul Louis) |
|
| 942 |
_cBB _k155.232FLE _2ddc |
||
| 999 |
_c5721 _d5721 |
||